|
|
|
|
| LEADER |
00000cam a2200000 a 4500 |
| 001 |
vtls008941776 |
| 003 |
SK-MaSNL |
| 005 |
20260302075616.0 |
| 008 |
251031s2006 xo g 000 0bslo |
| 015 |
|
|
|a SNBA2007/05-01925
|
| 020 |
|
|
|a 8071498955
|q (viaz.)
|
| 035 |
|
|
|a F7E43E13-AE01-45EA-9C5D-D964E7781D01
|
| 035 |
|
|
|a urn:nbn:sk:snk-amldip
|
| 035 |
|
|
|a urn:nbn:sk:snk-am009049
|
| 040 |
|
|
|a SNK
|b slo
|c SNK
|e AACR2
|
| 041 |
1 |
|
|a slo
|h hun
|
| 043 |
|
|
|a e-hu---
|
| 044 |
|
|
|a xo
|c SK
|
| 072 |
|
7 |
|a 32
|x Politika
|2 konspekt
|
| 080 |
|
|
|a 929.732
|2 2001
|
| 080 |
|
|
|a 321.74
|2 2001
|
| 080 |
|
|
|a 351.746.1
|2 2001
|
| 080 |
|
|
|a 328/329
|2 2001
|
| 080 |
|
|
|a (439)
|2 2001
|
| 080 |
|
|
|a 355.40-051
|2 2001
|
| 080 |
|
|
|a (093.3)
|2 2001
|
| 080 |
|
|
|a (0.072)
|2 2001
|
| 100 |
1 |
|
|a Esterházy, Péter,
|d 1950-2016
|4 aut
|9 52788
|
| 240 |
1 |
0 |
|a Javított kiadás
|l Slovensky
|
| 245 |
1 |
0 |
|a Opravené vydanie
|b príloha k Harmonii caelestis
|c Péter Esterházy ; [z maďarského originálu preložila Renáta Deáková]
|
| 250 |
|
|
|a 1. vyd.
|
| 260 |
|
|
|a Bratislava
|b Kalligram
|c 2006
|
| 300 |
|
|
|a 279 s.
|c 22 cm
|
| 500 |
|
|
|a Pozn.
|
| 600 |
3 |
7 |
|a Esterházi (rod)
|2 SNKPH
|9 182321
|
| 600 |
1 |
7 |
|a Esterházy, Mátyás,
|d 1919-1998
|2 SNKMA
|9 742682
|
| 648 |
|
7 |
|a 20. stor.
|2 SNKPH
|9 275975
|
| 650 |
0 |
7 |
|a komunistický režim
|2 SNKPH
|9 4699
|
| 650 |
0 |
7 |
|a tajné služby
|2 SNKPH
|9 29183
|
| 650 |
0 |
7 |
|a šľachtické rody
|2 SNKPH
|9 31798
|
| 650 |
0 |
7 |
|a agenti
|2 SNKPH
|9 20459
|
| 651 |
|
7 |
|a Maďarsko
|x politika a vláda
|2 SNKPH
|9 287888
|
| 655 |
|
7 |
|a denníky
|2 SNKPH
|9 70534
|
| 655 |
|
7 |
|a komentáre
|2 SNKPH
|9 70412
|
| 700 |
1 |
|
|a Deáková, Renáta,
|d 1968-
|4 trl
|9 101122
|
| 919 |
|
|
|a 80-7149-895-5
|
| 958 |
|
|
|a OP
|
| 958 |
|
|
|a OND
|
| 968 |
|
|
|b MAG
|d 92
|
| 999 |
|
|
|c 1169906
|d 1171836
|
| 952 |
|
|
|a SNK
|b SNK
|y PREZ
|7 0
|p 17A0544340
|o snkSC 127096
|i snk2007/7061
|8 0
|0 0
|1 0
|4 0
|d 2007-03-13
|f 1
|l 0
|r 2025-06-16 00:00:00
|w 2026-02-24
|
| 952 |
|
|
|a SNK
|b SNK
|y VYP
|7 0
|p 17A0544341
|o snkSC 127096 D1
|i snk2007/7062
|8 0
|0 0
|1 0
|4 0
|d 2007-03-13
|l 0
|r 2026-02-24 21:00:45
|w 2026-02-24
|